000 00410cam a2200169 4500
001 D12277
008 090401t1899 xxu||||| |||| 00| 0 eng d
035 _a(Sirsi) u2441
041 _aeng
100 _aBrowne, Frank Balfour
245 _aProblems in the law of compensation
260 _aLondon
_bLand Agents` Record Ltd
_c1899
350 _a0
520 _aShelf 177
942 _n0
948 _c04/03/1997
999 _c85772
_d85772